00806nam a2200169 a 4500003000200000005001700002008004100019050003000060100003300090245018400123260009200307300004800399504004100447650005200488650005100540650004500591020250412093632.0970101s19uu xx 00 eng d aPGS HQ 784.T4b.L925 2004 aLozada, Kristal Mae Cortezo. aTV viewing habits and the effects on the academic performance of the grade 6 students of Southville International School and Colleges (SY 2003-2004) /cKristal Mae Cortezo Lozada. aLas Piñas City, Philippines : bSouthville International School and Colleges,c2004. a22 pages :bcolored illustrations ;c28 cm. aIncludes bibliographical references. aTelevision and childrenvAcademic performance.  aAcademic achievementvInfluence of television. aChildrenvStudy habitsvMedia influence.